000 00273nam a22001217a 4500
003 OSt
008 231108b |||||||| |||| 00| 0 eng d
041 _ahin
082 _a891.54
_bKAM/MA
100 _aKamathaprasad Guru
_95573
245 _aMadhya Hindi vyakaran
942 _cBK
999 _c17781
_d17781